000 01163nam2a2200265 4500
001 RU\NLR\bibl\958856
005 20250614203622.0
010 _a5-94355-380-0
_91500
021 _aRU
_b2006-23072
_91147
035 _a(NLR Aleph) 000946908
090 _a255156
_c255156
100 _a20060614d2006 |||y0rusy50 ca
101 0 _arus
102 _aRU
105 _ay |||||||||
200 0 _aТ. 25
_eв течение 1992 года
_f[пер. с англ.: О. Шкавров]
210 _d2006
_aБ. м.
215 _a379,[2] с.
320 _aДр. произведения авт. и кн. о нем в конце кн.
461 0 _1001RU\NLR\bibl\811706
_12001#$aСатья Саи говорит$vТ. 25
_91179753
_aСатья Саи Баба (1926-2011)
_cМосква
_d2005
_f[пер. О. Кирпичникова, С. Шкавров]
_nАмрита-Русь
_oбеседы Бхагавана Шри Сатья Саи Бабы
_tСатья Саи говорит
_vТ. 25
801 0 _aRU
_bNLR
_c20060614
_grcr
801 1 _aRU
_bNLR
_c20060614
942 _cBOOK
980 _aNB